00274pab a2200121 454500008004000000100002300040245002300063260000900086300001300095362000800108650001700116773001900133180718b2005 xxu||||| |||| 00| 0 eng d aSundaram, I. Satya aThe trauma of rape c2005 ap.31-32. aAug aSexual abuse aSocial Welfare